Statistics for 2014 New England Patriots by Number

Click here to take the quiz!

General Stats

  • This quiz has been taken 215 times
  • The average score is 19 of 56

Answer Stats

HintAnswer% Correct
12QBTom Brady
94%
11WR Julian Edelman
91%
3K Stephen Gostkowski
80%
6PRyan Allen
72%
10QB Jimmy Garoppolo
70%
87TE Rob Gronkowski
66%
24CB Darrelle Revis
59%
23SPatrick Chung
58%
21CBMalcolm Butler
57%
80WRDanny Amendola
55%
54LB Dont'a Hightower
54%
22RB Stevan Ridley
52%
19WR Brandon LaFell
50%
46FB James Develin
46%
17WR Aaron Dobson
45%
50DE Rob Ninkovich
45%
28RB James White
44%
75DL Vince Wilfork
43%
32DB Devin McCourty
42%
39CBBrandon Browner
41%
51LB Jerod Mayo
41%
18WR Matthew Slater
41%
25CBKyle Arrington
40%
91LB Jamie Collins
39%
26CB Logan Ryan
39%
34RB Shane Vereen
38%
95DE Chandler Jones
35%
77T Nate Solder
34%
38RBBrandon Bolden
32%
76T Sebastian Vollmer
30%
43DB Nate Ebner
28%
81TE Tim Wright
28%
30DB Duron Harmon
26%
47TE Michael Hoomanawanui
26%
61OLMarcus Cannon
23%
63OL Dan Connolly
22%
37CB Alfonzo Dennard
21%
66OL Bryan Stork
21%
62OL Ryan Wendell
20%
27DB Tavon Wilson
19%
84WR Brian Tyms
18%
85WR Kenbrell Thompkins
18%
71OL Cameron Fleming
13%
94DT Chris Jones
13%
74DL Dominique Easley
13%
67OL Josh Kline
10%
72DL Joe Vellano
9%
96DT Sealver Siliga
8%
58LB Darius Fleming
5%
29S Don Jones
5%
65T Jordan Devey
5%
90DL Zach Moore
5%
99DLMichael Buchanan
3%
31RBTyler Gaffney
3%
93DL Bruce Gaston
0%
98DL Kelcy Quarles
0%

Score Distribution

Percentile by Number Answered

Percent of People with Each Score

Your Score History

You have not taken this quiz